Realidad del uso de las Nuevas Tecnologías de la Información y la Comunicación en la Enseñanza de las Ciencias Sociales en los Liceos del distrito educativo 05-02, San Pedro de Macorís, República Dominicana. (Record no. 420)

MARC details
000 -LEADER
campo de control de longitud fija 02829nam a2200529Ia 4500
001 - NÚMERO DE CONTROL
campo de control 455
008 - DATOS DE LONGITUD FIJA--INFORMACIÓN GENERAL
campo de control de longitud fija 241029s9999 xx 000 0 und d
010 ## - NÚMERO DE CONTROL DE LA BIBLIOTECA DEL CONGRESO
Número de control de LC 420
041 ## - CÓDIGO DE IDIOMA
Código de lengua del texto/banda sonora o título independiente Español
082 ## - NÚMERO DE LA CLASIFICACIÓN DECIMAL DEWEY
Número de clasificación 2012-11773
245 #0 - MENCIÓN DEL TÍTULO
Título Realidad del uso de las Nuevas Tecnologías de la Información y la Comunicación en la Enseñanza de las Ciencias Sociales en los Liceos del distrito educativo 05-02, San Pedro de Macorís, República Dominicana.
260 ## - PUBLICACIÓN, DISTRIBUCIÓN, ETC.
Lugar de publicación, distribución, etc. San Pedro de Macorís
300 ## - DESCRIPCIÓN FÍSICA
Extensión 84
520 ## - RESUMEN, ETC.
Sumario, etc. 20
520 ## - RESUMEN, ETC.
Sumario, etc. Las Nuevas Tecnologías de la Información y la Comunicación (TIC) proyectan en el espacio educativo, la apropiación de nuevos desafíos.  Se investiga ¿Cuáles son los niveles de efectividad del uso de las TIC en la enseñanza de las Ciencias Sociales en los Liceos del Distrito Educativo 05-02, de San Pedro de Macorís? Se realizó una investigación de tipo cualitativa, con un nivel de estudio descriptivo, los instrumentos se circunscriben a observaciones directas, abordajes insertos al campo de estudio, cuestionarios y entrevistas; teorías de especialistas en tecnología y ciencias sociales; y aportes de otras investigaciones. En los hallazgos se encontró que de los cuatro liceos estudiados, solo uno está dotado de herramientas tecnológicas; los docentes no cuentan con las capacitaciones adecuadas para implementar el programa de informática, los alumnos muestran experiencias y buena actitud hacia las nuevas tecnologías; los directores regionales y distritales ignoran las fases, fines y aplicación del programa TIC; el planteamiento del Ministerio de Educación sobre las TIC en los centros educativos, dista de la realidad de estos. Al concluir esta investigación el uso de las (TIC) en el área de Ciencias Sociales, en los liceos del Distrito 05-02 de San Pedro de Macorís, mostró deficiencia. 
630 ## - PUNTO DE ACCESO ADICIONAL DE MATERIA--TÍTULO UNIFORME
Título uniforme Tecnología Educativa
650 ## - PUNTO DE ACCESO ADICIONAL DE MATERIA--TÉRMINO DE MATERIA
Término de materia o nombre geográfico como elemento de entrada Ciencias Sociales
690 ## - PUNTO DE ACCESO ADICIONAL DE MATERIA LOCAL--TÉRMINO DE MATERIA (OCLC, RLIN)
Término de materia o nombre geográfico como elemento inicial Copiado sin cambios
700 ## - ENTRADA AGREGADA--NOMBRE PERSONAL
Término indicativo de función/relación asesor
Nombre de persona Padilla, José Ma.
700 ## - ENTRADA AGREGADA--NOMBRE PERSONAL
Término indicativo de función/relación autor
Nombre de persona Arias, Gerardina
700 ## - ENTRADA AGREGADA--NOMBRE PERSONAL
Término indicativo de función/relación autor
Nombre de persona Torres Martínez , Leticia
901 ## - ELEMENTOS DE DATOS A LOCAL LDA (RLIN)
a {"1":"Arias","2":"Torres Martínez "}
b {"1":"Gerardina","2":"Leticia"}
902 ## - ELEMENTOS DE DATOS B LOCAL, LDB (RLIN)
a 1
903 ## - ELEMENTOS DE DATOS C LOCAL, LDC (RLIN)
a {"1":"Padilla"}
b {"1":"José Ma. "}
904 ## - ELEMENTOS DE DATOS D LOCAL, LDD (RLIN)
a Maestría en
905 ## - ELEMENTOS DE DATOS E LOCAL, LDE (RLIN)
a Ciencias Sociales
906 ## - ELEMENTOS DE DATOS F LOCAL, LDF (RLIN)
a 1
907 ## - ELEMENTOS DE DATOS G LOCAL, LDG (RLIN)
a Orientada en
908 ## - COLOCAR PARÁMETRO DE COMANDO (RLIN)
Colocar parámetro de comando Investigación y Enseñanza
909 ## -
-- ISFODOSU, Recinto Juan Vicente Moscoso
910 ## - DATOS DE OPCIÓN DEL USUARIO (OCLC)
Datos de opción del usuario NULL
-- NULL
911 ## - EQUIVALENCIA O REFERENCIA-CRUZADA-NOMBRE DE CONFERENCIA O REUNIÓN/CONGRESO [LOCAL, CANADÁ]
Nombre de congreso/reunión o jurisdicción como elemento de entrada ["1"]
912 ## -
-- NO APLICA
913 ## -
-- NULL
914 ## -
-- 01 de Junio de 2012
915 ## -
-- 13/05/14 08:05
916 ## -
-- NULL
917 ## -
-- NULL
918 ## -
-- NO APLICA
919 ## -
-- ["191"]
921 ## -
-- 2
922 ## -
-- 2
923 ## -
-- 0
924 ## -
-- NO APLICA
942 ## - ELEMENTOS DE ENTRADA SECUNDARIOS (KOHA)
Tipo de ítem Koha

No items available.

© 2024. Todos los Derechos Reservados. Desarrollado por IDEICE